Manassile mazhavillu/ (Record no. 27441)

000 -LEADER
fixed length control field 00381nam a22001451a 4500
082 ## - DEWEY DECIMAL CLASSIFICATION NUMBER
Classification number M301
Item number SRE/M
100 ## - MAIN ENTRY--AUTHOR NAME
Personal name Sreelekha R
245 ## - TITLE STATEMENT
Title Manassile mazhavillu/
Statement of responsibility, etc by Sreelekha R
260 ## - PUBLICATION, DISTRIBUTION, ETC. (IMPRINT)
Place of publication Kottayam:
Name of publisher Sahitya Pravartaka Co-operative Society,
Year of publication 2000.
300 ## - PHYSICAL DESCRIPTION
Number of Pages 124p.
650 ## - SUBJECT ADDED ENTRY--TOPICAL TERM
Topical Term Stories Malayalam
650 ## - SUBJECT ADDED ENTRY--TOPICAL TERM
Topical Term Literature Malayalam
650 ## - SUBJECT ADDED ENTRY--TOPICAL TERM
Topical Term Literature
942 ## - ADDED ENTRY ELEMENTS (KOHA)
Koha item type Book
Holdings
Withdrawn status Lost status Damaged status Not for loan Permanent Location Current Location Date acquired Cost, normal purchase price Full call number Accession Number Cost, replacement price Price effective from Koha item type Shelving location
        Sree Sankaracharya University of Sanskrit Sree Sankaracharya University of Sanskrit 08.01.2015 50.00 M301 SRE/M 039515 0.00 08.01.2015 Book  
        Sree Sankaracharya University of Sanskrit Sree Sankaracharya University of Sanskrit 15.06.2020 50.00 M301 SRE/M 099660   15.06.2020 Book Stacks